000 00494nam a2200145Ia 4500
008 150223s9999 xx 000 0 und d
020 _a9710807838
050 _aQA 533
_b.R457 2007
100 _aReyes, Edgardo A.
245 _aPlane Trigonometry :
_bsimplified and integrated /
_cEdgardo A. Reyes.
260 _aMandaluyong, Philippines :
_bCacho Hermanos Inc. ,
_c2007
300 _a239 pages :
_bIllustration ;
_c21 cm.
504 _aIncludes Index.
650 _aMathematics
_xPlane Trigometry
999 _c283315
_d283315